<?xml version="1.0" encoding="UTF-8"?>
<record
    xmlns:xsi="http://www.w3.org/2001/XMLSchema-instance"
    xsi:schemaLocation="http://www.loc.gov/MARC21/slim http://www.loc.gov/standards/marcxml/schema/MARC21slim.xsd"
    xmlns="http://www.loc.gov/MARC21/slim">

  <leader>00416nam a22001337a 4500</leader>
  <datafield tag="020" ind1=" " ind2=" ">
    <subfield code="a">9787569909395</subfield>
  </datafield>
  <datafield tag="082" ind1=" " ind2=" ">
    <subfield code="a">320.973</subfield>
    <subfield code="b">TOC</subfield>
  </datafield>
  <datafield tag="100" ind1=" " ind2=" ">
    <subfield code="a">Tocqueville, Law </subfield>
  </datafield>
  <datafield tag="245" ind1=" " ind2=" ">
    <subfield code="a">On American Democracy (Top and Bottom) (Chinese Edition) /</subfield>
    <subfield code="c">Law Tocqueville</subfield>
  </datafield>
  <datafield tag="260" ind1=" " ind2=" ">
    <subfield code="a">China :</subfield>
    <subfield code="b">Beijing Times Chines Bookstore,</subfield>
    <subfield code="c">2016.</subfield>
  </datafield>
  <datafield tag="300" ind1=" " ind2=" ">
    <subfield code="a">Volume</subfield>
  </datafield>
  <datafield tag="880" ind1=" " ind2=" ">
    <subfield code="6">245-02\r</subfield>
    <subfield code="a">&#x8BBA;&#x7F8E;&#x56FD;&#x7684;&#x6C11;&#x4E3B;(&#x4E0A;&#x4E0B;) /</subfield>
  </datafield>
  <datafield tag="942" ind1=" " ind2=" ">
    <subfield code="2">ddc</subfield>
    <subfield code="c">BK</subfield>
  </datafield>
  <datafield tag="999" ind1=" " ind2=" ">
    <subfield code="c">591750</subfield>
    <subfield code="d">591750</subfield>
  </datafield>
  <datafield tag="952" ind1=" " ind2=" ">
    <subfield code="0">0</subfield>
    <subfield code="1">0</subfield>
    <subfield code="2">ddc</subfield>
    <subfield code="4">0</subfield>
    <subfield code="6">320_973000000000000_TOC</subfield>
    <subfield code="7">0</subfield>
    <subfield code="9">582973</subfield>
    <subfield code="a">CL</subfield>
    <subfield code="b">CL</subfield>
    <subfield code="c">CHIST</subfield>
    <subfield code="d">2022-10-13</subfield>
    <subfield code="e">Donated by China Embassy</subfield>
    <subfield code="l">0</subfield>
    <subfield code="o">320.973 TOC</subfield>
    <subfield code="p">CL-D-2047</subfield>
    <subfield code="r">2022-10-13</subfield>
    <subfield code="w">2022-10-13</subfield>
    <subfield code="y">BK</subfield>
  </datafield>
  <datafield tag="952" ind1=" " ind2=" ">
    <subfield code="0">0</subfield>
    <subfield code="1">0</subfield>
    <subfield code="2">ddc</subfield>
    <subfield code="4">0</subfield>
    <subfield code="6">320_973000000000000_TOC</subfield>
    <subfield code="7">0</subfield>
    <subfield code="9">582974</subfield>
    <subfield code="a">NLS</subfield>
    <subfield code="b">NLS</subfield>
    <subfield code="c">CHIST</subfield>
    <subfield code="d">2022-10-13</subfield>
    <subfield code="e">Donated by China Embassy</subfield>
    <subfield code="o">320.973 TOC</subfield>
    <subfield code="p">CL-D-2048</subfield>
    <subfield code="r">2022-10-13</subfield>
    <subfield code="w">2022-10-13</subfield>
    <subfield code="y">BK</subfield>
  </datafield>
</record>
